000 00262nam a22001217a 4500
008 171020b xxu||||| |||| 00| 0 eng d
041 _aeng
080 _a338
100 _a54
101 _aMNG
245 _aMANAGEMENT SCIENCE
_cKRAJEWSKI, L.J
942 _2udc
_cBK
999 _c35259
_d35259